1863 1608 1409 1501 1437 1776 1438 1601 1009 1074 1489 1938 1249 1403 1897 1852 1452 1324 1886 1758 1381 1750 1670 1293 1022 1441 1635 1217 1326 1984 1863 1982 1295 1175 1131 1504 1466 1330 1604 1815 1991 1137 1634 1509 1977 1182 1327 1153 1469 1803 1261 1112 1560 1863 1065 1791 1934 1681 1283 1527 1682 1099 1873 1632 1582 1942 1741 1570 1497 1465 1109 1619 1183 1610 1489 1727 1846 1180 1079 1059 1247 1503 1055 1289 1505 1115 1009 1657 1033 1660 1402 1694 1213 1967 1686 1954 1027 1922 1529 BCNSPRNW ULIB Ver.6.0+V

เปลี่ยนเป็นภาษาไทย

Change to English
 แสดงรายละเอียดบรรณานุกรม
  กลับหน้าหลัก

Brief Record : Get Marc (ISO 2709) : E-mail record : QR code < ปิดหน้าต่าง
LEADER : 00000nam 2200000uu 4500
001    13399123387
003     ULIB
008    020711sมปป. th a 000 0 tha d
099    นว.^bร119ว
100    รจเรข
245    วงกตหัวใจ/^cรจเรข
260    กรุงเทพฯ :^bศิลปาบรรณาคาร,^cมปป.
300    491หน้า
945    ^p0^l0^i019197
999    ^aทศพร
รายการนี้ยังไม่มีแท็ก
คุณยังไม่ได้ล็อกอิน คุณสามารถมีกิจกรรมร่วมกับเว็บไซต์ได้ แต่ต้องล็อกอินก่อน ::
  ล็อกอิน

รายการสื่อสารสนเทศ

ลำดับที่ ประเภท เลขเรียก/บาร์โค้ด สถานที่ สถานะ
1. นวนิยาย
นวนิยาย
นว. ร119ว ฉ.1 
  Barcode: 019197
ห้องสมุดวิทยาเขตสวรรค์ประชารักษ์
►นวนิยาย
บนชั้น
  ขอยืม

BibComment


ยังไม่เคยถูกคอมเมนท์

คอมเมนท์ทรัพยากรรายการนี้
  คอมเมนท์: วงกตหัวใจ รจเรข


 Copyright 2026. Bcnsprnw @Library